01443nam a2200337 a 4500001001000000003000500010005001700015008004100032010001100073011001100084040000900095090001000104100004600114245013500160260004100295500006000336502010500396590004100501590004000542590004000582650003200622650003200654650003100686856007000717901000700787942001000794942000600804999001900810952014000829952013600969000110909CHAP20220329144150.0141021s2014 mx sm |||||||spa d a107371 a108343 cCHAP aTesis1 aSantos Martínez, José Antonio912866010aEvaluación cuantitativa de cinco variedades de alfalfa (Medicago sativa L.)h[En línea]cpor José Antonio Santos Martínez. aChapingo, Méx. :bEl autor,c2014. aPara ver el contenido del material haga clic en la liga aTesis (Ing. Agr. Esp. en Zootecnia) -- UACH. Departamento de Investigación y Servicio en Zootecnia aE11695DGDb10c20141024lUCH01h0819 aE5765TAJb05c20141021lUCH01h0926 aE5765TAJb05c20141021lUCH01h092614aAlfalfaxCrecimiento.9385814aAlfalfaxRendimiento.9388714aAlfalfaxVariedades.93893 aFinding aiduhttp://10.13.5.2/tesis/sist110909.pdfzTeclea aquí aBK cTESIS n0 c107371d107371 00102local4053708TESISaBCbBCcPA_TESISd2014-10-21fTESISl0oTesisp33724002425512r2019-12-31 00:00:00tc.2w2019-12-31yTESIS 00104054718TESISaBCbBCd2014-10-21fTESISl0oTesisp33724002425553r2019-12-31 00:00:00w2019-12-31yTESISzRecien adquirido